[Event "USA-ch Juniors 2017"]
[Site "Saint Louis"]
[Date "2017.07.14"]
[Round "6"]
[White "Li, Ruifeng"]
[Black "Liu, Bovey"]
[Result "1-0"]
[WhiteElo "2568"]
[BlackElo "2228"]
[Annotator "TA"]
[PlyCount "65"]
[EventDate "2017.??.??"]
[EventType "tourn"]
[EventCountry "USA"]
[SourceTitle "playchess.com"]
[Source "ChessBase"]
[SourceQuality "1"]

{[%evp 15,64,24,14,-2,20,0,0,-11,-5,-16,-9,-17,54,51,105,56,91,93,80,32,149,103,238,241,213,232,176,200,279,278,234,239,222,235,248,244,410,393,435,427,467,443,29995,0,29996,29997,29997,29998,29998,29999,29999]} 1. e4 c5 2. Nc3 e6 3. g3 a6 4. Bg2 b5 5. d3 Bb7 6. Nh3 d6 {B23: Closed Sicilian: Lines without g3} (6... b4 7. Ne2 d5 8. e5 Nc6 9. f4 Nh6 10. Nf2 Nf5 11. O-O Qb6 12. c3 Be7 13. g4 Nh4 14. Bh1 {0-1 (35) Yu,Y (2738)-Khismatullin,D (2639) Moscow 2017}) 7. O-O Nc6 8. f4 Nf6 {LiveBook: 9 Games. White has an edge.} 9. Be3 Qc7 10. f5 b4 $146 ({Predecessor:} 10... e5 11. g4 h6 12. a4 b4 13. Nb1 {1-0 (34) Faust,H-Polanyi,P Bad Ragaz 1994}) 11. fxe6 bxc3 12. exf7+ Qxf7 13. bxc3 Ne5 ({Better is} 13... Nd8 $11) 14. Rb1 $1 $14 {[%mdl 1024] White has compensation.} h6 (14... Bc6 $14) 15. Qe2 O-O-O 16. d4 Qc4 17. Qf2 Neg4 ({Black should try} 17... Nfg4 $14 18. Qf5+ Rd7 19. Rxb7 Kxb7 20. dxe5 Nxe5) 18. Qf5+ $16 Rd7 {[#]} (18... Kc7 $16 {keeps fighting.} 19. Rxb7+ Kxb7 20. e5+ Kb6) 19. Rxb7 $1 $18 Kxb7 20. e5+ Kc7 21. Bf4 Qxc3 22. exf6 Qxd4+ 23. Kh1 Nxf6 24. Rb1 g6 {[#]} 25. Qe6 $1 $40 {[%mdl 128] White has strong attack.} ({And not} 25. Qxg6 Rg8 $11) 25... Bg7 $2 (25... Rhh7) 26. c3 $1 {[%cal Rc3d4]} Qd3 27. Rb7+ Kd8 28. Nf2 Qf5 (28... Re8 $18) 29. Rb8+ Kc7 {[#]} 30. Bxd6+ $1 {[%mdl 512] White mates.} Rxd6 31. Rb7+ Kd8 32. Qxd6+ Ke8 33. Qe7# {Precision: White = 81%, Black = 19%.} 1-0

[Event "USA-ch Juniors 2017"]
[Site "Saint Louis"]
[Date "2017.07.14"]
[Round "6"]
[White "Chandra, Akshat"]
[Black "Brown, Michael William"]
[Result "1-0"]
[WhiteElo "2484"]
[BlackElo "2508"]
[Annotator "TA"]
[PlyCount "65"]
[EventDate "2017.??.??"]
[EventType "tourn"]
[EventCountry "USA"]
[SourceTitle "playchess.com"]
[Source "ChessBase"]
[SourceQuality "1"]

{[%evp 25,65,45,46,22,29,30,58,55,53,51,150,150,181,178,178,144,208,135,172,131,125,131,177,130,225,216,225,222,344,319,380,379,428,395,421,410,420,420,29952,6473,29974,29970]} 1. e4 e5 2. Nf3 Nc6 3. Bb5 a6 4. Ba4 d6 5. O-O Bd7 6. d4 Nxd4 7. Bxd7+ Qxd7 8. Nxd4 exd4 9. Qxd4 Ne7 {C72: Ruy Lopez: Deferred Steinitz: 5 0-0} (9... Nf6 10. c4 Be7 11. Nc3 O-O 12. b3 c6 13. Bb2 Rad8 14. Rad1 Qc7 15. Kh1 b5 16. Ne2 Rfe8 17. Ng3 d5 18. cxd5 cxd5 19. e5 Bc5 {1-0 (47) Areshchenko,A (2677)-Demchenko,A (2629) Minsk 2017}) 10. Nc3 Nc6 11. Qd3 Be7 12. Nd5 O-O 13. Bd2 {[%cal Bc1d2,Bd2c3,Bc3e5][%mdl 32]} Rae8 {[#] LiveBook: 4 Games} 14. Qg3 $146 {[#] aiming for Bh6.} ({Predecessor:} 14. Bc3 Bd8 15. Rfe1 Ne5 16. Qg3 Ng6 17. Rad1 {0-1 (35) Friedel,J (2516)-Hess,R (2485) Saint Louis 2009}) 14... Bd8 15. Rae1 f5 16. Qb3 Kh8 $1 17. Qxb7 {Strongly threatening Nb6.} Rxe4 (17... fxe4 $14 18. c4 (18. Qxa6 Ne5 $14) 18... Ne5) 18. Bc3 Rfe8 19. Rxe4 fxe4 20. Qxa6 Ne5 (20... Ne7 $16) 21. Re1 Qf7 22. Bxe5 Qxd5 23. Bc3 Bg5 24. Qa4 Qe6 (24... c6 $16 {keeps fighting.} 25. Qa7 Rg8) 25. Qc6 $18 Re7 26. a4 h6 (26... d5 {is a better defense.} 27. Qxe6 Rxe6) 27. a5 e3 28. fxe3 Rf7 {( -> ...Qxe3+!)} 29. Kh1 Bh4 30. Rg1 Bf2 31. a6 Qxe3 {[#]} (31... Bxe3 $18 32. a7 Bxa7 33. Qa8+ Kh7 34. Qxa7 Qg6) 32. a7 $1 {[%mdl 512]} Rf8 (32... Qxa7 33. Qe8+) 33. a8=Q {Precision: White = 77%, Black = 31%.} 1-0

[Event "USA-ch Juniors 2017"]
[Site "Saint Louis"]
[Date "2017.07.14"]
[Round "6"]
[White "Tang, Andrew"]
[Black "Colas, Joshua"]
[Result "1-0"]
[WhiteElo "2478"]
[BlackElo "2366"]
[Annotator "TA"]
[PlyCount "76"]
[EventDate "2017.??.??"]
[EventType "tourn"]
[EventCountry "USA"]
[SourceTitle "playchess.com"]
[Source "ChessBase"]
[SourceQuality "1"]

{[%evp 14,76,50,43,39,43,33,37,53,22,35,27,51,44,56,58,95,81,93,96,92,64,84,64,64,69,75,59,130,123,120,120,127,128,122,125,145,133,193,198,215,201,281,271,359,353,400,376,475,450,537,525,477,400,587,579,547,488,5385,5261,29990,29982,29984,29978,610]} 1. d4 f5 2. Nf3 Nf6 3. c4 e6 4. Nc3 d5 5. Bf4 c6 6. e3 Bd6 7. Ne5 O-O {A84: Dutch Defence: 2 c4 Miscellaneous} 8. Bd3 {LiveBook: 3 Games} Qe7 (8... Ne4 9. f3 g5 10. fxe4 gxf4 11. exf4 dxe4 12. Be2 Nd7 13. Qb3 c5 14. Nb5 Qa5+ 15. Kd1 {0-1 (37) Mareco,S (2598)-Sequera Paolini,J (2413) Rochefort 2015}) 9. c5 Bc7 {White is slightly better.} 10. O-O Ne8 $146 ({Predecessor:} 10... b6 11. b4 Ne4 12. Nxe4 fxe4 13. Be2 a5 14. cxb6 Bxb6 15. bxa5 Bxa5 {1-0 (25) Repka,C (2414)-Kociscak,J (2474) Zillertal 2015}) 11. h3 Nd7 12. b4 Nxe5 13. Bxe5 Bxe5 14. dxe5 b6 15. Rc1 $36 {[%mdl 2048] White is really pushing.} bxc5 16. bxc5 Qxc5 17. Ne2 Qb6 18. Qc2 Bd7 $1 19. Nd4 Rc8 20. Nb3 c5 (20... Rb8 $14) 21. Nxc5 $16 Bb5 22. Bxb5 Qxb5 23. Qc3 Rf7 24. a4 {[%cal Ba2a4,Ba4a5][%mdl 32]} Qb6 {Hoping for ...Rfc7.} 25. a5 Qb5 {[#]} (25... Qb8 $16 {might work better.}) 26. Qa3 $1 $18 Rc6 {[#]} 27. Nb3 $1 {[%cal Rb3d4]} Rxc1 28. Rxc1 Qb8 29. Nd4 g6 30. f4 Ng7 31. Qd6 Qe8 32. Qa6 {And now Rc8 would win.} Qe7 33. Nb5 h5 (33... Nh5 $142 34. Rc8+ Rf8) 34. Rc8+ Rf8 {If Black can now play ...Rxc8 this consolidates a bit.} 35. Qxa7 Qb4 (35... Qxa7 $142 36. Nxa7 Rxc8 37. Nxc8 Ne8) 36. Rxf8+ Kxf8 37. Qa8+ Ne8 38. Nd6 Qe1+ {Precision: White = 89%, Black = 51%.} 1-0

[Event "USA-ch Juniors 2017"]
[Site "Saint Louis"]
[Date "2017.07.14"]
[Round "6"]
[White "Troff, Kayden W"]
[Black "Liang, Awonder"]
[Result "1/2-1/2"]
[WhiteElo "2472"]
[BlackElo "2536"]
[Annotator "TA"]
[PlyCount "60"]
[EventDate "2017.??.??"]
[EventType "tourn"]
[EventCountry "USA"]
[SourceTitle "playchess.com"]
[Source "ChessBase"]
[SourceQuality "1"]

{[%evp 15,60,20,31,18,12,24,25,14,13,4,15,6,6,6,6,6,16,7,0,17,12,0,0,0,0,0,0,0,0,0,0,0,0,0,0,0,0,0,0,0,0,0,0,0,0,0,0]} 1. d4 Nf6 2. c4 e6 3. Nc3 Bb4 4. Qc2 O-O 5. Nf3 c5 6. dxc5 Na6 7. g3 Nxc5 8. Bg2 b6 9. O-O {E39: Nimzo-Indian: Classical: 4...c5 5 dxc5 0-0} Bb7 10. Nb5 {[#] aiming for a3.} Be4 11. Qd1 {Black must now prevent a3.White has an edge.} Nb7 {The position is equal.} 12. Bf4 a6 13. Nd6 Bxd6 14. Bxd6 Nxd6 15. Qxd6 Rc8 (15... Qb8 16. Rfd1 Qb7 {½-½ (71) Akobian,V (2661)-Bruzon Batista,L (2652) Saint Louis 2017}) 16. Ne5 Bxg2 17. Kxg2 b5 $146 18. cxb5 ({Of course not} 18. Qxa6 Qc7 $17) (18. Rfc1 {keeps more tension.} bxc4 19. Rxc4 Rxc4 20. Nxc4 Qa8+ 21. f3) 18... axb5 19. Rfd1 {[%cal Re5d7]} Rc2 20. Nxd7 Qxd7 (20... Nxd7 {feels hotter.} 21. Qxd7 Qa8+ 22. Kg1 Rxb2 23. Qd3 g6) 21. Qxd7 Nxd7 22. Rxd7 Rxb2 $11 {[%mdl 4096] Endgame KRR-KRR} 23. e3 b4 24. a4 bxa3 25. Rxa3 Rbb8 26. Raa7 Rbd8 27. Rdc7 Rc8 28. Rcb7 Rb8 29. Rd7 Rbd8 30. Rdc7 Rc8 {Precision: White = 80%, Black = 96%.} 1/2-1/2

[Event "USA-ch Juniors 2017"]
[Site "Saint Louis"]
[Date "2017.07.14"]
[Round "6"]
[White "Brattain, Mika A"]
[Black "Checa, Nicolas D"]
[Result "1/2-1/2"]
[WhiteElo "2364"]
[BlackElo "2415"]
[Annotator "TA"]
[PlyCount "131"]
[EventDate "2017.??.??"]
[EventType "tourn"]
[EventCountry "USA"]
[SourceTitle "playchess.com"]
[Source "ChessBase"]
[SourceQuality "1"]

{[%evp 18,131,16,15,20,16,19,10,47,47,49,40,62,61,66,27,56,66,65,0,14,0,73,75,70,76,63,22,55,0,0,-68,-59,-444,-442,-546,-543,-540,-197,-204,-203,-212,-205,-455,-439,-448,-391,-650,-93,-112,-61,-74,0,-142,-118,-100,0,0,52,64,64,60,82,47,49,48,46,33,27,0,0,0,3,0,0,0,0,0,12,0,0,0,0,0,0,0,-8,-37,-37,-104,0,0,0,0,0,0,0,0,0,0,0,0,0,0,0,-294,-294,-294,-8,-8,-8,-8,-8,-8,-8,-8]} 1. Nf3 d5 2. g3 Bg4 3. Bg2 Nd7 4. O-O Ngf6 5. h3 Bh5 6. d4 {A07: Réti Opening: New York and Capablanca Systems} e6 7. c4 c6 8. cxd5 exd5 9. Qb3 Qb6 10. Qe3+ {LiveBook: 9 Games} Be7 11. Nh4 {aiming for Nf5.} Bg6 12. Nc3 Kf8 13. Nxg6+ hxg6 {[#]} 14. Qd3 $146 Re8 15. Rb1 a5 16. Bf4 Nh5 17. Bd2 Nhf6 18. Bf4 (18. h4 $14) 18... Nh5 $11 19. Bd2 (19. Be3 $11) 19... Nhf6 $16 20. Rfe1 Bd6 21. e3 Kg8 22. Qc2 Nf8 23. Na4 (23. e4 $14 Nxe4 24. Nxe4 dxe4 25. Rxe4 Rxe4 26. Qxe4) 23... Qc7 $11 24. Rec1 (24. Nc3 $11) 24... Ne6 25. b4 $2 {[%mdl 8192]} ({White should try} 25. Be1 $15) 25... Ng5 $1 $19 26. b5 {[%cal Rb5c6] [#]} Bxg3 $1 {[%mdl 512]} 27. Be1 {[%cal Rb5c6]} (27. fxg3 Qxg3) 27... Bxf2+ $2 (27... Nxh3+ 28. Bxh3 Rxh3 29. fxg3 Rxe3) 28. Qxf2 Nxh3+ 29. Bxh3 Rxh3 30. Qf4 $2 (30. Qg2 {was necessary.} Rhxe3 31. Bf2) 30... Qc8 31. bxc6 bxc6 32. Nc5 $2 (32. Rc2 Nh5 33. Nb6) 32... Rh5 $2 (32... Nh5 $19 {and Black stays clearly on top.} 33. Qf2 Rexe3) 33. Rb2 $17 (33. Qg3 $2 Qf5 $19) 33... Rf5 (33... Qh3 $6 34. Rh2 $11) (33... g5 $1 $17 {[%cal Rg5f4]} 34. Qg3 Ng4) 34. Qh4 $15 Rh5 (34... Rxe3 $142 35. Rcb1 Re8) 35. Qf4 $1 $17 {[#]} g5 $1 {[%cal Rg5f4]} ({Reject} 35... Qh3 $6 36. Rh2 $11) 36. Qg3 {[#]} Rh4 (36... Qf5 $1 $17) 37. Rg2 $11 Rg4 ({Better is} 37... Ng4 $11) 38. Qf3 $14 Rxg2+ 39. Kxg2 Qb8 40. Rc2 Qb1 41. Re2 g4 42. Qf1 Ne4 43. Bh4 (43. Qf5 {keeps more tension.} Qb5 44. Rc2 Nd6 45. Qf4 Qb1 46. Re2) 43... Qxf1+ 44. Kxf1 Nxc5 45. dxc5 $11 {[%mdl 4096] Endgame KRB-KR} Re4 46. Kf2 f6 47. Bg3 Rb4 48. Bd6 (48. a3 $5 {[%cal Ra3b4]} Rb3 49. a4 $11) 48... Kf7 49. Kg3 g5 50. Rh2 Kg7 51. Rd2 a4 52. Kf2 (52. a3 $5 {[%cal Ra3b4]} Rb3 53. Kxg4 $17) 52... Kg6 {[%mdl 1024] Black has compensation.} 53. Kg3 (53. a3 $1 $15 Rb3 54. Rd4) 53... f5 (53... Re4 $17 54. Rd3 f5) 54. Be5 $1 Rb1 55. Rb2 Rf1 56. Bd4 Rf3+ 57. Kg2 f4 58. Rb6 Kf5 {White must now prevent ...Rh3.} 59. Rxc6 {Rf6+ is the strong threat.} ({Don't blunder} 59. exf4 $2 gxf4 60. Bg1 Ra3 $19) 59... fxe3 60. Rd6 Ke4 61. Bc3 $2 {[%mdl 8192]} (61. Bxe3 $1 $11 Kxe3 62. Rxd5) 61... Rf2+ $19 62. Kg3 Rc2 $2 (62... Rxa2 $19 {Threatens to win with ...Rc2.} 63. Re6+ Kd3) 63. Re6+ $11 {The position is equal.} Kd3 64. Ba5 $1 {And now c6 would win.} Rxc5 (64... Rxa2 65. c6) 65. Bb6 Rc3 {Hoping for ...e2.} 66. Rxe3+ {Precision: White = 52%, Black = 49%.} 1/2-1/2

[Event "USA-ch Juniors 2017"]
[Site "Saint Louis"]
[Date "2017.07.15"]
[Round "7"]
[White "Liang, Awonder"]
[Black "Li, Ruifeng"]
[Result "1-0"]
[WhiteElo "2536"]
[BlackElo "2568"]
[Annotator "TA"]
[PlyCount "75"]
[EventDate "2017.??.??"]
[EventType "tourn"]
[EventCountry "USA"]
[SourceTitle "playchess.com"]
[Source "ChessBase"]
[SourceQuality "1"]

{[%evp 17,75,63,64,47,57,60,106,37,60,51,48,55,39,49,79,87,85,84,91,57,99,98,81,106,149,128,274,57,48,0,285,230,282,285,285,285,290,290,278,276,403,406,407,394,406,404,517,511,517,505,508,129,508,502,586,572,565,560,1206,1206]} 1. e4 c5 2. Nf3 d6 3. Bb5+ Nd7 {[%cal Bb8d7,Bd7e5,Be5d3][%mdl 32]} 4. O-O a6 5. Bd3 Ngf6 (5... b5 6. Re1 Bb7 7. a4 b4 8. Bc4 Ngf6 9. d3 e6 10. Nbd2 Be7 11. Nf1 O-O 12. Ng3 d5 {1-0 (50) Vachier Lagrave,M (2783)-Nepomniachtchi,I (2766) Leuven 2017}) 6. Re1 {B51: Sicilian: Moscow Variation (3 Bb5+) without 3...Bd7} b5 7. c4 g5 8. Nxg5 Ne5 9. Bf1 bxc4 {LiveBook: 4 Games} 10. Na3 $146 ({Predecessor:} 10. d4 cxd3 11. f4 Nc6 12. Bxd3 h6 13. Nf3 e6 14. Nc3 Bb7 15. b3 Be7 {½-½ (15) Barski,R (2336)-Borovikov,V (2564) Heusenstamm 2015}) 10... Rg8 11. d4 cxd4 12. f4 (12. Qxd4 $6 h6 $11) ({Better is} 12. Nxc4 $16 h6 13. Nxe5 dxe5 14. Nf3) 12... Bg4 $1 $14 {[%cal Rg4d1]} 13. Qxd4 Nd3 $1 {[%cal Rd3e1]} 14. Bxd3 cxd3 15. Qxd3 e6 16. f5 h6 17. Nf3 d5 {...Bc5+ is the strong threat.} 18. fxe6 $1 dxe4 19. exf7+ Kxf7 20. Ne5+ Ke6 21. Qc3 Nd5 (21... Rc8 $16 22. Nec4 (22. Nac4 Qd5 $16) 22... Qc7) 22. Qd4 $2 ({White should try} 22. Qc4 $18 Kxe5 23. Rxe4+ (23. Qxe4+ Kd6 $16) 23... Kf6 24. Rxg4 Qb6+ 25. Kh1 Rxg4 26. Qxg4 (26. Qxd5 Qe6 $16)) 22... Nf6 $1 23. Qc3 $2 (23. Qxd8 $14 Rxd8 24. Nxg4 Nxg4 25. g3 (25. Rxe4+ Kd5 $17)) 23... Nd5 $1 $18 {[%cal Rd5c3]} 24. Qc4 Bh3 25. Qxe4 ({And not} 25. Qc6+ Qd6 $11) 25... Bc5+ {[#]} 26. Kh1 $1 Bxg2+ 27. Qxg2 Rxg2 28. Nc6+ Kf5 (28... Kf6 {was worth a try.} 29. Nxd8 Rf2) 29. Nxd8 Rf2 30. Nf7 Kg4 {Threatens to win with ...Kh3.} 31. Rg1+ Kh3 {[%csl Gh3][%cal Rf2h2] [#]} 32. Ng5+ $1 hxg5 {[%csl Gh3][%cal Rf2h2]} 33. Rg3+ Kh4 {Hoping for ...g4.} 34. Bxg5+ Kh5 {[#]} 35. Rag1 $1 {Black must now prevent Rh3+.White is clearly winning.} Rf3 36. Rxf3 {Be3! would kill now.} Bxg1 37. Rf5 ({Less strong is} 37. Kxg1 Kxg5 38. Nc4 Rc8 $18) 37... Rg8 38. Rxd5 {Precision: White = 73%, Black = 51%.} 1-0

[Event "USA-ch Juniors 2017"]
[Site "Saint Louis"]
[Date "2017.07.15"]
[Round "7"]
[White "Brown, Michael William"]
[Black "Tang, Andrew"]
[Result "1-0"]
[WhiteElo "2508"]
[BlackElo "2478"]
[Annotator "TA"]
[PlyCount "77"]
[EventDate "2017.??.??"]
[EventType "tourn"]
[EventCountry "USA"]
[SourceTitle "playchess.com"]
[Source "ChessBase"]
[SourceQuality "1"]

{[%evp 13,77,19,15,8,6,9,0,0,0,0,10,0,0,0,9,0,0,0,0,-26,-20,-33,25,14,27,43,51,0,49,50,54,48,78,83,74,17,119,99,158,144,164,168,211,217,385,393,389,383,388,385,382,370,393,410,400,400,600,549,564,545,516,490,579,529,1133,966]} 1. d4 Nf6 2. c4 e6 3. g3 d5 4. Nf3 dxc4 5. Bg2 Nc6 6. Qa4 Bb4+ 7. Bd2 Nd5 8. Qb5 {E04: Open Catalan: 5 Nf3} Bxd2+ 9. Nbxd2 c3 10. bxc3 {The position is equal.} Nxc3 11. Qd3 (11. Qb2 Na4 12. Qc2 Nb6 13. e3 O-O 14. O-O Qe7 15. Rac1 Rd8 {0-1 (57) Harikrishna,P (2755)-Bu,X (2723) Danzhou 2016}) 11... Nd5 12. O-O O-O 13. Rfc1 {[#]} Na5 $146 ({Predecessor:} 13... Rb8 14. Rab1 Bd7 15. Ne4 Nce7 {0-1 (39) Svane,R (2573)-Bluebaum,M (2632) Minsk 2017}) 14. e4 Nf6 15. Ne5 b6 16. Qe3 Nd7 17. Nd3 e5 (17... Bb7 $15) 18. dxe5 $11 c5 19. f4 Qe7 20. Nf3 (20. Nf2 $14) 20... Ba6 21. Nf2 Rad8 22. Nh4 g6 23. Rd1 Nc6 24. Qa3 (24. Nf3 $16) 24... Nb4 (24... Ndb8 $1 $11) 25. Ng4 $16 Be2 (25... Kh8 $142) 26. Nh6+ Kh8 27. Rd2 Bb5 28. Qb2 ({And not} 28. Qxa7 c4 $15) 28... c4 $2 {[#]} (28... f6 {was called for.} 29. N4f5 gxf5) 29. Rd6 $18 ({Not} 29. e6+ f6 $18) 29... Nc5 {and if ...Ncd3 works, Black does fine.} 30. Qxb4 Rxd6 31. exd6 ({Weaker is} 31. Qxb5 Qd7 $16) 31... Qxd6 {[#] Strongly threatening ...Qd4+.} 32. Nf3 Ba6 33. Qb2+ f6 34. e5 Qd8 (34... Qd3 $142 35. exf6 c3) 35. Ng4 {[%cal Bh6g4,Bg4f6,Bf6d5][%mdl 32] White is clearly winning.} Nd3 36. Qc3 b5 37. Nxf6 b4 38. Qd4 c3 39. Nd5 {Precision: White = 68%, Black = 40%.} 1-0

[Event "USA-ch Juniors 2017"]
[Site "Saint Louis"]
[Date "2017.07.15"]
[Round "7"]
[White "Checa, Nicolas D"]
[Black "Troff, Kayden W"]
[Result "1/2-1/2"]
[WhiteElo "2415"]
[BlackElo "2472"]
[Annotator "TA"]
[PlyCount "60"]
[EventDate "2017.??.??"]
[EventType "tourn"]
[EventCountry "USA"]
[SourceTitle "playchess.com"]
[Source "ChessBase"]
[SourceQuality "1"]

{[%evp 19,60,0,0,0,17,0,0,0,0,0,0,0,0,0,0,0,8,0,0,0,0,0,0,0,0,0,0,0,0,0,0,0,0,0,0,0,0,0,0,0,0,0,0]} 1. Nf3 Nf6 {[%cal Bg8f6,Bf6d5,Bd5b4][%mdl 32]} 2. c4 g6 3. Nc3 d5 4. cxd5 Nxd5 5. Qc2 (5. e4 Nxc3 6. dxc3 Qxd1+ 7. Kxd1 Nd7 8. Bf4 c6 9. Kc2 Nc5 10. Nd2 Bg7 11. Be3 Na4 12. Bc4 Nb6 13. Bb3 Nd7 14. a4 O-O 15. h4 h5 16. a5 Ne5 17. f3 {½-½ (48) So,W (2812)-Mamedyarov,S (2800) Paris 2017}) 5... Nc6 6. d4 {A16: English Opening: 1...Nf6 with ...d5} Ndb4 7. Qa4 Bd7 8. Qd1 e5 9. dxe5 Bf5 10. Bg5 Be7 {LiveBook: 11 Games. The position is equal.} 11. e4 {[#] Threatens to win with Bxe7.} Bg4 $1 12. Bxe7 Qxe7 13. a3 $146 Bxf3 14. gxf3 Rd8 15. Qa4 $1 Nd3+ $1 16. Bxd3 $1 Rxd3 17. Qb5 Rd4 18. Nd5 (18. f4 {looks sharper.} O-O 19. h4 Qe6 20. Qe2 Rfd8 21. h5) 18... Qxe5 19. Qxb7 Rxe4+ $1 20. fxe4 Qxe4+ 21. Ne3 Qxh1+ 22. Kd2 Qxa1 23. Qxc6+ $11 {[%mdl 4096] Endgame KQR-KQN} Kf8 24. Qf6 Rg8 {...Qg1 is the strong threat.} 25. Qd8+ (25. Nf5 $5 gxf5 26. Qd8+ Kg7 27. Qg5+ Kf8 28. Qd8+ Kg7 29. Qg5+ Kf8 30. Qd8+ $11) 25... Kg7 {[#]} 26. Nf5+ $1 {[%mdl 512]} gxf5 27. Qg5+ Kf8 28. Qd8+ Kg7 29. Qg5+ Kf8 30. Qd8+ Kg7 1/2-1/2

[Event "USA-ch Juniors 2017"]
[Site "Saint Louis"]
[Date "2017.07.15"]
[Round "7"]
[White "Colas, Joshua"]
[Black "Brattain, Mika A"]
[Result "1/2-1/2"]
[WhiteElo "2366"]
[BlackElo "2364"]
[Annotator "TA"]
[PlyCount "117"]
[EventDate "2017.??.??"]
[EventType "tourn"]
[EventCountry "USA"]
[SourceTitle "playchess.com"]
[Source "ChessBase"]
[SourceQuality "1"]

{[%evp 17,117,23,32,18,33,25,47,27,17,14,8,0,30,0,0,0,-8,0,0,-8,-1,-39,0,-14,-17,-44,-43,-63,-42,-93,-51,-52,-53,-53,-56,-54,-30,-33,0,-23,9,0,25,0,44,34,36,47,44,46,83,74,77,82,72,83,81,52,42,29,20,0,0,0,0,0,8,3,8,3,5,5,8,8,8,0,0,0,0,0,0,0,0,0,0,0,8,8,8,8,8,8,8,8,8,8,8,8,8,8,8,8]} 1. Nf3 Nf6 2. c4 d6 3. g3 g6 4. Bg2 Bg7 5. O-O O-O 6. d4 Nc6 7. Nc3 e5 8. dxe5 dxe5 9. Bg5 Be6 10. Qc1 {E62: King's Indian: Fianchetto: 6...c6 and Panno Variation (6...Nc6) without ...a6} (10. Qa4 h6 11. Rad1 Qe7 12. Nd5 Bxd5 13. Bxf6 Bxf6 14. cxd5 Nd4 15. e4 Nxf3+ 16. Bxf3 Rfd8 17. Rc1 Qd7 18. Qxd7 Rxd7 {½-½ (35) Edouard,R (2628)-Bacrot,E (2692) Cap d'Agde 2016}) 10... Qc8 11. Rd1 Nd7 12. Nd5 {White is slightly better.} f6 13. Be3 Re8 $146 ({Predecessor:} 13... Rf7 14. b4 Ne7 15. Nxe7+ Rxe7 16. c5 Nf8 17. a4 g5 {1-0 (65) Vadasz,L (2495)-Goodman,D (2340) Dortmund 1977}) 14. h4 Ne7 15. Nxe7+ Rxe7 16. Nd2 f5 17. Nf3 e4 $36 {[%mdl 2048] Black fights for an advantage.} 18. Ng5 Ne5 19. c5 Kh8 20. Bd4 Bg8 21. Qc3 Qf8 22. Qb4 c6 (22... b6 $5) 23. Bc3 ({Better is} 23. Nh3 $15) 23... Rd8 24. Qa5 Red7 25. Rxd7 Rxd7 26. Qxa7 Ng4 27. Qa3 Rd5 {[%mdl 1024] Black has compensation.} (27... h6 $5 {[%cal Rh6g5]} 28. Nh3 Bxc3 29. Qxc3+ Qf6 $11) 28. Rc1 Ne5 29. b4 Qd8 (29... Rd8 $5 {[%cal Rd8a8]}) 30. Qa4 h6 (30... Ng4 $5 {[%cal Rg7c3]} 31. Qc2 Bxc3 32. Qxc3+ Qf6 $11) 31. Nh3 {Nf4 is the strong threat.} g5 32. hxg5 hxg5 33. Qc2 Bh7 34. Re1 Bg6 35. Qc1 Nf7 36. f3 exf3 37. exf3 Rd3 $1 38. Bxg7+ Kxg7 39. Nf2 {The position is equal.} Qd4 40. Qa1 Qxa1 41. Rxa1 Rd4 42. a3 Kf6 43. Rd1 Rxd1+ 44. Nxd1 $11 {[%mdl 4096] Endgame next f4 is good for White. KBN-KBN} Ke5 45. Kf2 f4 46. gxf4+ gxf4 47. Nc3 Bd3 48. Bh3 Kd4 49. Ne2+ Bxe2 50. Kxe2 {Black must now prevent Bc8. KB-KN} Kc3 51. Be6 Ne5 52. Bc8 Nc4 53. Bxb7 Nxa3 54. Bxc6 {[#] Hoping for b5.} Kxb4 55. Kd3 Kxc5 56. Ba8 Nc4 57. Ke4 Nd2+ 58. Kxf4 Nxf3 59. Kxf3 {Precision: White = 53%, Black = 57%.} 1/2-1/2